MARC

LEADER 00000nam0a2200000 4500
001 365565
005 20231102011810.0
035 |a (RuTPU)RU\TPU\retro\22928 
090 |a 365565 
100 |a 20220113d1981 km y0rusy50 ca 
101 0 |a rus 
102 |a BY 
105 |a a z 001zy 
200 1 |a Ядерная энергетика и пути ее развития  |f А. К. Красин  |g Академия наук Белорусской ССР, Институт тепло- и массообмена им. А. В. Лыкова 
210 |a Минск  |c Наука и техника  |d 1981 
215 |a 208 с.  |c ил. 
320 |a Библиогр.: с. 198-205 
606 1 |a Ядерная энергетика  |2 stltpush  |3 (RuTPU)RU\TPU\subj\21570  |9 46534 
610 1 |a канальные реакторы 
610 1 |a водо-водяные кипящие реакторы 
610 1 |a водо-водяные атомные реакторы 
610 1 |a реакторы на быстрых нейтронах 
610 1 |a энергетические ресурсы 
610 1 |a сырьевые компоненты 
610 1 |a изотопы 
610 1 |a водородная энергетика 
675 |a 621.039  |v 4 
700 1 |a Красин  |b А. К.  |g Андрей Капитонович 
712 0 2 |a Академия наук Белорусской ССР  |b Институт тепло- и массообмена им. А. В. Лыкова  |c (Минск)  |2 stltpush  |3 (RuTPU)RU\TPU\col\11896  |9 25285 
801 1 |a RU  |b 63413507  |c 20220113 
942 |c BK